000 00336nam a2200133Ia 4500
008 151001s9999||||xx |||||||||||||| ||und||
100 _aदुर्गा - भागवत
245 _aतुळशीचे लग्न
250 _a1
260 _bवरदा बुक्स
260 _c1975
300 _a40
365 _b22
999 _c960467
_d960464